Ranga prayoga (Record no. 241489)
[ view plain ]
| 000 -LEADER | |
|---|---|
| fixed length control field | 01986nam a22002417a 4500 |
| 003 - CONTROL NUMBER IDENTIFIER | |
| control field | OSt |
| 005 - DATE AND TIME OF LATEST TRANSACTION | |
| control field | 20260526103433.0 |
| 008 - FIXED-LENGTH DATA ELEMENTS--GENERAL INFORMATION | |
| fixed length control field | 260522b |||||||| |||| 00| 0 eng d |
| 020 ## - INTERNATIONAL STANDARD BOOK NUMBER | |
| International Standard Book Number | 9789392400315 |
| 040 ## - CATALOGING SOURCE | |
| Transcribing agency | AL |
| 041 ## - LANGUAGE CODE | |
| Language code of text/sound track or separate title | kan |
| 082 ## - DEWEY DECIMAL CLASSIFICATION NUMBER | |
| Classification number | 792K |
| Item number | AKSR |
| 100 ## - MAIN ENTRY--PERSONAL NAME | |
| Personal name | Akshara K V |
| 9 (RLIN) | 264572 |
| 100 ## - MAIN ENTRY--PERSONAL NAME | |
| Dates associated with a name | ಅಕ್ಷರ ಕೆ ವಿ |
| 9 (RLIN) | 264402 |
| 245 ## - TITLE STATEMENT | |
| Title | Ranga prayoga |
| Remainder of title | : ರಂಗ ಪ್ರಯೋಗ |
| 260 ## - PUBLICATION, DISTRIBUTION, ETC. | |
| Place of publication, distribution, etc. | Sagara |
| Name of publisher, distributor, etc. | Akshara Prakashana |
| Date of publication, distribution, etc. | 2023 |
| 300 ## - PHYSICAL DESCRIPTION | |
| Extent | 184p |
| Other physical details | PB |
| Dimensions | 24x18cm |
| 365 ## - TRADE PRICE | |
| Source of price type code | Kannada |
| Price type code | AM-000007 |
| Price amount | ₹296.00 |
| Currency code | ₹ |
| Unit of pricing | ₹370.00 |
| Price note | 20% |
| Price effective from | 11-05-2026 |
| 520 ## - SUMMARY, ETC. | |
| Summary, etc. | ರಂಗ ಪ್ರಯೋಗ / Ranga Prayoga – ಕೆ.ವಿ. ಅಕ್ಷರ ಅವರ ಒಂದು ಪ್ರಮುಖ ರಂಗಭೂಮಿ ಸಂಬಂಧಿತ ಕೃತಿಯಾಗಿದೆ. ಪ್ರಸ್ತುತ ಪುಸ್ತಕವು ರಂಗ ಅಭಿನಯ, ರಂಗ ತಂತ್ರಗಳು ಮತ್ತು ರಂಗ ಸಿದ್ಧತೆ ಎನ್ನುವ ಮೂರು ಭಾಗಗಳಲ್ಲಿ ರಂಗಭೂಮಿಯ ಪ್ರಾಯೋಗಿಕ ಅಂಗಾಂಶಗಳನ್ನು ಕುರಿತ ಪರಿಚಯಾತ್ಮಕ ಚರ್ಚೆ ನಡೆಸುತ್ತದೆ. ಪ್ರತಿಯೊಂದೂ ರಂಗಾಂಶದ ಐತಿಹಾಸಿಕ ಹಿನ್ನೆಲೆ, ಸಮಕಾಲೀನ ರಂಗಭೂಮಿಯಲ್ಲಿ ಆಯಾ ರಂಗಾಂಶಗಳನ್ನು ಯೋಜಿಸುವ ಮತ್ತು ನಿರ್ವಹಿಸುವ ವಿಧಾನಗಳು ಹಾಗೂ ಆಯಾ ರಂಗಾಂಶದ ವೈವಿಧ್ಯಮಯ ಸಾಧ್ಯತೆ-ಶೈಲಿಗಳು – ಇವುಗಳನ್ನು ಆರಂಭದ ರಂಗಕರ್ಮಿಗಳಿಗೆ ಮತ್ತು ಆಸಕ್ತರಿಗೆ ಉಪಯುಕ್ತವಾಗುವಂತೆ ಇಲ್ಲಿ ನಿರೂಪಿಸಲಾಗಿದೆ. |
| 650 ## - SUBJECT ADDED ENTRY--TOPICAL TERM | |
| Topical term or geographic name entry element | Theatre |
| 9 (RLIN) | 264403 |
| 650 ## - SUBJECT ADDED ENTRY--TOPICAL TERM | |
| Topical term or geographic name entry element | Ranga abhinaya rangatantragalu mattu ranga siddhateya parichaya |
| 9 (RLIN) | 264407 |
| 942 ## - ADDED ENTRY ELEMENTS (KOHA) | |
| Source of classification or shelving scheme | Dewey Decimal Classification |
| Koha item type | Book |
| Withdrawn status | Lost status | Source of classification or shelving scheme | Damaged status | Not for loan | Collection code | Home library | Current library | Shelving location | Date acquired | Source of acquisition | Cost, normal purchase price | Total Checkouts | Full call number | Barcode | Date last seen | Price effective from | Koha item type | Cost, replacement price |
|---|---|---|---|---|---|---|---|---|---|---|---|---|---|---|---|---|---|---|
| Dewey Decimal Classification | Others | St Aloysius Library | St Aloysius Library | 02/17/2021 | Athree Book Centre, Mangalore-01. | 0.00 | 792K AKSR | SG03514 | 02/17/2021 | 02/17/2021 | Special Grants | |||||||
| Dewey Decimal Classification | Kannada | St Aloysius Library | St Aloysius Library | Stack Section | 05/19/2026 | Navakarnataka Publications Pvt Ltd Mangaluru-575001 | 296.00 | 792K AKSR | 078224 | 05/22/2026 | 05/11/2026 | Book | 370.00 | |||||
| Dewey Decimal Classification | Kannada | St Aloysius Library | St Aloysius Library | Stack Section | 05/19/2026 | Navakarnataka Publications Pvt Ltd Mangaluru-575001 | 296.00 | 792K AKSR | 078225 | 05/22/2026 | 05/11/2026 | Book | 370.00 |